Loading...
| 1 | 20.00 | 100% | 100% | 0% | |
| Current Events | 1 | 10.00 | 100% | 0% | 0% |
| Fine Arts - Auditory Fine Arts | 7 | 14.29 | 100% | 29% | 14% |
| Fine Arts - Other Fine Arts | 6 | 11.67 | 100% | 17% | 0% |
| Fine Arts - Visual Fine Arts | 9 | 17.78 | 89% | 78% | 11% |
| Geography | 1 | 30.00 | 100% | 100% | 100% |
| History - American History | 9 | 10.00 | 78% | 11% | 11% |
| History - European History | 6 | 21.67 | 100% | 100% | 17% |
| History - Other History | 6 | 20.00 | 100% | 67% | 33% |
| History - World History | 6 | 20.00 | 100% | 67% | 33% |
| Literature - American Literature | 8 | 16.25 | 100% | 38% | 25% |
| Literature - British Literature | 7 | 18.57 | 86% | 86% | 14% |
| Literature - European Literature | 6 | 20.00 | 100% | 100% | 0% |
| Literature - World Literature | 5 | 24.00 | 100% | 100% | 40% |
| Mythology | 5 | 20.00 | 80% | 80% | 40% |
| Other Academic | 1 | 20.00 | 100% | 0% | 100% |
| Philosophy | 5 | 10.00 | 80% | 0% | 20% |
| Pop Culture | 3 | 10.00 | 67% | 0% | 33% |
| Religion | 5 | 12.00 | 100% | 20% | 0% |
| Science - Biology | 5 | 16.00 | 100% | 60% | 0% |
| Science - Chemistry | 8 | 11.25 | 63% | 50% | 0% |
| Science - Other Science | 4 | 15.00 | 100% | 25% | 25% |
| Science - Physics | 7 | 12.86 | 100% | 29% | 0% |
| Social Science | 4 | 12.50 | 100% | 25% | 0% |